01016nam a2200289 i 4500003000900000005001700009007000300026008004100029040003000070041000800100082002100108100003800129245007000167264003700237300004500274336002700319337003300346338002800379500002000407590002800427650004500455650003900500910001200539942001400551952014400565999001700709DO-SdBNP20250626103706.0ta210922e1987 a|||d |||| 001 0 spa d aDO-SdBNPbspacBNPHUerda aspa4 a512.9bM314a222 aMarcelo, Nidiaeautor4aut.9125610aÁlgebra elemental 1 :bprimero de bachillerato /cNidia Marcelo 1aSanto Domingo :bSusaeta,c1987. a184 páginas :bilustraciones :c25 cm. atextobtxt2rdacontent asin mediaciónbn2rdamedia avolumenbnc2rdacarrier aLibro de texto. aInventariado, 2021 / SA 0aÁlgebraxEstudio y enseñanza.925976 4aÁlgebraxLibros de texto.925976 aSaquino 2ddccLBS1 00102ddc51708MOaBNPHUbPDcCTd1991-07-15eDonadol0oBNPHU PD 512. 9 M314ap2021-26969r2021-09-22t1ro. Bach.w2021-09-22yLBS1zS/A c50639d50639